Elektrotechnika meracej a automatizačnej techniky pre 4.ročník strojného inžinierstva špecializácie PRAT /

Enregistré dans:
Détails bibliographiques
Auteurs principaux: Puzjak, Ivan (Auteur), Kšiňan, Igor (Auteur)
Format: Livre
Langue:slovaque
Publié: Bratislava : SVŠT v Bratislave, 1982
Édition:1.prepr.vyd.
Sujets:
Tags: Ajouter un tag
Pas de tags, Soyez le premier à ajouter un tag!

MARC

LEADER 00000nam a22000003a 4500
001 stu41220
005 20150617225722.6
008 931115s1982----cs------------------slo-d
040 |a STU  |b slo 
041 0 |a slo 
044 |a cs 
080 |a 621.317 
080 |a 621.38(075.8) 
100 1 |a Puzjak, Ivan  |4 aut 
245 1 |a Elektrotechnika meracej a automatizačnej techniky pre 4.ročník strojného inžinierstva špecializácie PRAT /  |c [aut.]Ivan Puzjak, Igor Kšiňan 
250 |a 1.prepr.vyd. 
260 |a Bratislava :  |b SVŠT v Bratislave,  |c 1982 
300 |a 189 s 
650 7 |a technika meracia  |2 stusub 
650 7 |a Technika automatizačná  |2 stusub 
650 7 |a elektrotechnika  |2 stusub 
700 1 |a Kšiňan, Igor  |4 aut 
996 |b 284J014513  |c J*95639  |l JJSK  |s A  |a 24  |w stu41220_0001 
996 |b 284M016656  |c M*S-338-1  |l MMKN  |s A  |a 24  |w stu41220_0002